[Event "Fide Mercenarios 3th"]
[Site "MEX"]
[Date "1995.??.??"]
[Round "5"]
[White "Busto, Busto Hector"]
[Black "Ten Kate, Adrian"]
[Result "1/2-1/2"]
[WhiteElo "2105"]
[BlackElo "2000"]

1.d4 Nf6 2.Bg5 d5 3.e3 e6 4.Bd3 Be7 5.Nd2 Nbd7 6.Ngf3 c5 7.c3 h6 8.Bh4 b6
9.O-O Bb7 10.Ne5 Nxe5 11.dxe5 Nd7 12.Bxe7 Qxe7 13.f4 f5 14.exf6 Nxf6 15.Bb5+ Kf7
16.Nf3 Rhd8 17.Ne5+ Kg8 18.Qe2 Qc7 19.Rad1 a6 20.Ba4 b5 21.Bc2 b4 22.cxb4 cxb4
23.Rc1 Qb6 24.Nf3 a5 25.Qd2 Ba6 26.Rfe1 Rac8 27.Bb1 Ne4 28.Bxe4 dxe4 29.Nd4 Bc4
30.b3 Bd5 31.Rxc8 Rxc8 32.Rc1 Rc5 33.Rxc5 Qxc5 34.Qc2 Qxc2 35.Nxc2 Kf7 36.Kf2 e5
37.Ke2 Kf6 38.Kd2 Kf5 39.fxe5 Kxe5 40.Kc1 Kd6 41.Kb2 Kc5 42.Nd4 g6 43.a3 Bf7
44.Nc2  1/2-1/2

[Event "Fide Mercenarios 7th"]
[Site "MEX"]
[Date "1995.??.??"]
[Round "7"]
[White "Calderin, Roberto"]
[Black "Morales, Humberto"]
[Result "1-0"]
[WhiteElo "2445"]
[BlackElo "2255"]

1.d4 Nf6 2.Bg5 d5 3.Nf3 Ne4 4.Bf4 c5 5.e3 Nc6 6.Nbd2 Qb6 7.Bd3 Nxd2 8.Qxd2 c4
9.Be2 Qxb2 10.O-O Bf5 11.Rfb1 Qxc2 12.Qxc2 Bxc2 13.Rxb7 e6 14.Rc7 Nb4 15.Ne5 Be7
16.Rc1 f6 17.Nc6 Nxc6 18.Rxc2 Nb4 19.Rb2 a5 20.Bd1 g5 21.Bg3 h5 22.h4 g4
23.Ba4+ Kf8 24.a3 Na6 25.Rd7 Nb4 26.Kf1 Rh7 27.Bd6 c3 28.Rb1 c2 29.Rc1 Ra6
30.Rd8+ Kf7  1-0

[Event "Mitropa Cup"]
[Site "?"]
[Date "1995.??.??"]
[Round "1"]
[White "Casagrande, Harald"]
[Black "Banas, Jan"]
[Result "1-0"]
[WhiteElo "2385"]
[BlackElo "2410"]

1.d4 Nf6 2.Bg5 c5 3.Bxf6 gxf6 4.d5 Qb6 5.Qc1 e6 6.e4 Bh6 7.Qxh6 Qxb2 8.Ne2 Qxa1
9.Nc3 Qb2 10.Be2 Qb6 11.Qxf6 Rf8 12.d6 Qd8 13.Qg7 b6 14.Nd5  1-0

[Event "Mitropa Cup"]
[Site "?"]
[Date "1995.??.??"]
[Round "1"]
[White "Tibensky, Robert"]
[Black "Wittmann, Walter"]
[Result "1-0"]
[WhiteElo "2425"]
[BlackElo "2405"]

1.d4 Nf6 2.Bg5 c5 3.d5 e5 4.c4 d6 5.Nc3 Be7 6.Nf3 O-O 7.e4 Na6 8.Qd2 Nc7
9.h3 a6 10.Bd3 Bd7 11.g4 b5 12.b3 Rb8 13.Ne2 Kh8 14.Ng3 Ng8 15.Be3 Ne8 16.O-O g6
17.Nh2 Bh4 18.Kg2 Qe7 19.f4 exf4 20.Bxf4 Bf6 21.Rab1 b4 22.Nf3 a5 23.Bc2 Ra8
24.Rf2 a4 25.Re2 axb3 26.axb3 Be5 27.Bxe5+ dxe5 28.d6 Nxd6 29.Rd1 Ra6 30.Qd5 Rc8
31.Qxe5+ Qxe5 32.Nxe5 Be8 33.Red2 Nb7 34.Ne2 Ne7 35.Nf4 Nc6 36.Nf3 Ra2 37.e5 Nca5
38.Be4 Rxd2+ 39.Rxd2 Nd8 40.Rd3 Kg7 41.g5 h6 42.h4 h5 43.Kf2 Kf8 44.Ke3 Ke7
45.Nd5+ Kf8 46.Nf4 Ke7 47.Nd2 Ne6 48.Nxe6 Kxe6 49.Kf4 Ke7 50.Bd5 Bd7 51.Nf1 Bf5
52.Be4 Bxe4 53.Kxe4 Nc6 54.Ne3 Nd8 55.Nd5+ Ke8 56.Nf6+ Kf8 57.Nd7+ Ke8 58.Nf6+ Kf8
59.Rd7 Ne6 60.Kd5 Nd4 61.Ne4 Nxb3 62.Nd6 Rb8 63.Rxf7+ Kg8 64.e6 Nd4 65.Ne4 Nxe6
66.Rf6 Nf8 67.Nxc5 b3 68.Rf1 b2 69.Rb1 Rd8+ 70.Ke4 Rd2 71.Nd3 Rh2 72.Rxb2 Rxh4+
73.Kd5 Rg4 74.c5 Rxg5+ 75.Kd6 Rf5 76.c6 Rf6+ 77.Kd5 Rf3 78.c7 Rxd3+ 79.Kc4 Rd4+
80.Kc3  1-0

[Event "Mlada Boleslav op"]
[Site "?"]
[Date "1995.??.??"]
[Round "?"]
[White "Tibensky, Robert"]
[Black "Pachmann, Ales"]
[Result "1/2-1/2"]
[WhiteElo "2415"]
[BlackElo "2250"]

1.d4 Nf6 2.Bg5 d5 3.Bxf6 gxf6 4.e3 c5 5.c3 Qb6 6.Qc2 Nc6 7.Nd2 cxd4 8.exd4 e5
9.Ngf3 Bg4 10.Be2 e4 11.Nh4 Bxe2 12.Kxe2 Rg8 13.g3 Rg5 14.f4 Rh5 15.Ng2 Rc8
16.Qb3 Qa6+ 17.Kf2 Qd3 18.Rad1 Kd8 19.Ne3 Bd6 20.Ndf1 Qa6 21.a4 Ne7 22.Qb5 f5
23.Qxa6 bxa6 24.Kg2 Rh6 25.Nd2 Bb8 26.Rb1 Kd7 27.Nb3 Bd6 28.Nc1 Rb8 29.Ne2 Rb3
30.Kf2 Bc7 31.Nc1 Rb8 32.Ke1 Rhb6 33.b3 Bd6 34.Ra1 h5 35.h4 Bc7 36.Kd2 a5
37.Rb1 Ke6 38.Kc2 Rc8 39.Ne2 Bb8 40.Rb2 Bd6 41.Rhb1 Ba3 42.Ra2 Bd6 43.c4 Rb4
44.Nc3 dxc4 45.bxc4 Rbxc4 46.Nxc4 Rxc4 47.Kb3 Rb4+ 48.Kc2 Rc4 49.Kb2 Rxd4
50.Rd1 Rb4+ 51.Kc2 Rc4 52.Kb3  1/2-1/2

[Event "Moscow (Women)"]
[Site "Moscow"]
[Date "1995.??.??"]
[Round "?"]
[White "Zaitseva, Ludmila G"]
[Black "Krasenkova, Ilena"]
[Result "1-0"]
[WhiteElo "2320"]
[BlackElo "2140"]

1.d4 Nf6 2.Bg5 d5 3.Bxf6 exf6 4.e3 Bd6 5.c4 dxc4 6.Bxc4 f5 7.Nc3 c6 8.Qf3 O-O
9.Nge2 Be6 10.d5 cxd5 11.Bxd5 Nc6 12.Bxc6 bxc6 13.Qxc6 Rc8 14.Qf3 Qb6 15.Rb1 g5
16.Qh5 f6 17.h4 g4 18.O-O Qc5 19.Qh6 Rc6 20.Rbc1 Qe5 21.Qf4 Re8 22.Rfd1 Rb6
23.Rd2 Rc6 24.Rcd1 Qxf4 25.Nxf4 Bxf4 26.exf4 Kf7 27.Nb5 Re7 28.b3 Ra6 29.Rc1 Rb6
30.Rc5 a6 31.Nc7 Rd7 32.Re2 Rd1+ 33.Kh2 Bd7 34.Nd5 Rd6 35.Ne3 R6d2 36.Rc2 Rxe2
37.Rxe2 Rd4 38.Kg3 Rd3 39.Rc2 Bb5 40.Rc7+ Kg6 41.Ra7 Rc3 42.Kh2 Bd3 43.Nd5 Rc5
44.h5+ Kxh5 45.Nxf6+ Kg6 46.Nd7 Rd5 47.Ne5+ Kf6 48.Nxd3 Rxd3 49.Rxa6+ Kf7
50.g3 h5 51.Kg2 h4 52.gxh4 Rh3 53.b4 Rxh4  1-0

[Event "Moscow1"]
[Site "Moscow"]
[Date "1995.??.??"]
[Round "?"]
[White "Nesterov, Aleksandar"]
[Black "Grechinin, Valery"]
[Result "1-0"]
[WhiteElo "2205"]
[BlackElo "2165"]

1.d4 Nf6 2.Bg5 c5 3.Bxf6 gxf6 4.d5 Qb6 5.Qc1 f5 6.g3 Bg7 7.c3 e5 8.Na3 O-O
9.Nf3 Bh6 10.Qc2 Qf6 11.Bh3 d6 12.Nh4 e4 13.f4 exf3 14.exf3 f4 15.Bxc8 Qe5+
16.Qe4 Rxc8 17.Nf5 Bf8 18.Qxe5 dxe5 19.gxf4 Nd7 20.Rg1+ Kh8 21.Nc4 exf4 22.O-O-O f6
23.Rd2 Ne5 24.Nxe5 fxe5 25.Rdg2 h6 26.Rg6 Kh7 27.Rf6 Rc7 28.d6 Rd7 29.Ne7 Bg7
30.Rf7 Rg8 31.a4 b6 32.Kc2 a6 33.c4 a5 34.h4 e4 35.fxe4 f3 36.e5 f2 37.Rxf2 Rf8
38.Rxf8 Bxf8 39.Nf5 Rf7 40.Rf1 Kg6 41.e6  1-0

[Event "Moscow op"]
[Site "Moscow"]
[Date "1995.??.??"]
[Round "2"]
[White "Aleksandrov, Aleksej"]
[Black "Shuraev, Andrei"]
[Result "1-0"]
[WhiteElo "2510"]
[BlackElo "2405"]

1.d4 Nf6 2.Bg5 g6 3.Bxf6 exf6 4.g3 Bg7 5.Bg2 O-O 6.e3 d6 7.Ne2 Nc6 8.c4 Bd7
9.O-O Qc8 10.Nf4 Na5 11.Nd2 f5 12.b4 Nc6 13.Rb1 Ne7 14.c5 Bc6 15.d5 Bb5 16.Re1 Qd7
17.c6 bxc6 18.a4 Ba6 19.dxc6 Qd8 20.b5 Bc8 21.Nf3 a6 22.Qb3 axb5 23.axb5 Rb8
24.Qc4 Rb6 25.Red1 h6 26.h4 Re8 27.Qa2 Bf6 28.Nd2 g5 29.hxg5 hxg5 30.Nd5 Nxd5
31.Bxd5 Qe7 32.Nc4 Rb8 33.b6 cxb6 34.Nxd6 Rf8 35.Rbc1 Be5 36.Nxf7 Rxf7 37.Bxf7+ Qxf7
38.Rd8+ Kg7 39.Qxf7+ Kxf7 40.c7 Ra8 41.f4 Bf6 42.Rb1 g4 43.Rxb6 Ra1+ 44.Kf2 Ra2+
45.Ke1 Ra1+ 46.Kd2 Ra2+ 47.Ke1 Ra1+ 48.Kd2 Ra2+ 49.Kc1 Ra1+ 50.Rb1 Ra8 51.Kd1 Ke7
52.Rc1 Bb2 53.Rc6 Bf6 54.Kc1 Kf7 55.Kc2 Ra2+ 56.Kb3 Ra8 57.Rcd6 Be7 58.Rd5 Be6
59.Rxa8 Bxd5+ 60.Kc3 Bf6+ 61.Kb4 Be7+ 62.Kb5 Bxa8 63.c8=Q Be4 64.Qc4+ Kf6
65.Qg8 Bd6 66.Qe8 Ba3 67.Qd7 Be7 68.Kb6  1-0

[Event "Moscow op2"]
[Site "Moscow"]
[Date "1995.??.??"]
[Round "3"]
[White "Danielian, Oganes"]
[Black "Rashkovsky, Nukhim N"]
[Result "1/2-1/2"]
[WhiteElo "2450"]
[BlackElo "2560"]

1.d4 Nf6 2.Bg5 g6 3.Bxf6 exf6 4.e3 f5 5.Ne2 d6 6.g3 Nd7 7.Bg2 Nf6 8.c4 Bg7
9.Nbc3 O-O 10.O-O Rb8 11.b4 Be6 12.Qd3 c5 13.Rab1 b6 14.Nf4 Qe7 15.Ncd5 Nxd5
16.Nxd5 Bxd5  1/2-1/2

[Event "Moscow op"]
[Site "Moscow"]
[Date "1995.??.??"]
[Round "4"]
[White "Danielian, Oganes"]
[Black "Shuraev, Andrei"]
[Result "1-0"]
[WhiteElo "2455"]
[BlackElo "2405"]

1.d4 Nf6 2.Bg5 g6 3.Bxf6 exf6 4.e3 Bg7 5.g3 O-O 6.Bg2 d6 7.Ne2 c5 8.c3 Qb6
9.Qd2 Bd7 10.O-O Bc6 11.e4 Re8 12.d5 Bd7 13.Na3 Qc7 14.Nc4 f5 15.Qf4 Be5
16.Nxe5 Rxe5 17.c4 b5 18.Rfe1 Na6 19.cxb5 Nb4 20.Qd2 fxe4 21.Nc3 f5 22.Bf1 c4
23.Nxe4 fxe4 24.Qxb4 Qb6 25.Qxc4 Rf8 26.Qe2 Bxb5 27.Qe3 Qb7 28.Bh3 Rf3 29.Qh6 Qb6
30.Re3 Rxe3 31.fxe3 Qd8 32.Be6+ Rxe6 33.dxe6 Qe7 34.Rc1 Qxe6 35.Rc7 Bd7 36.Qg5  1-0

[Event "Mravinci-A"]
[Site "Mravinci"]
[Date "1995.??.??"]
[Round "?"]
[White "Kovacevic, Vlatko"]
[Black "Stevic, Hrvoje"]
[Result "0-1"]
[WhiteElo "2520"]
[BlackElo "2300"]

1.d4 Nf6 2.Bg5 c5 3.Bxf6 gxf6 4.d5 Qb6 5.Qc1 f5 6.c4 Qb4+ 7.Nd2 Bg7 8.Rb1 d6
9.a3 Qa5 10.g3 Nd7 11.Nf3 b5 12.Bh3 Nb6 13.O-O bxc4 14.Nxc4 Qa4 15.b3 Qa6
16.Rd1 Bb7 17.Qg5 Kf8 18.Qxf5 Nxd5 19.Rxd5 e6 20.Rxd6 exf5 21.Rxa6 Bxa6 22.Bxf5 Ke7
23.Bd3 Rab8 24.Nfd2 Rhd8 25.Kg2 h6 26.h4 Kf8 27.g4 Rd4 28.Kg3 h5 29.gxh5 Bh6
30.Nf3 Bxc4 31.bxc4 Rxb1 32.Nxd4 Rg1+ 33.Kh2 Ra1 34.Nb3 Rxa3 35.Nxc5 a5 36.Kg2 Ra1
37.Bc2 Rc1 38.Bb3 Rc3 39.e3 Kg7 40.Kf3 a4  0-1

[Event "Nikolaev zt"]
[Site "Nikolaev"]
[Date "1995.??.??"]
[Round "9"]
[White "Aleksandrov, Aleksej"]
[Black "Neverov, Valeriy"]
[Result "1-0"]
[WhiteElo "2510"]
[BlackElo "2490"]

1.d4 Nf6 2.Bg5 c5 3.Bxf6 gxf6 4.d5 Qb6 5.Qc1 f5 6.c4 Bg7 7.Nc3 d6 8.e3 Nd7
9.Qd2 Qb4 10.Rc1 Nb6 11.b3 a5 12.Bd3 a4 13.Nge2 axb3 14.axb3 Ra3 15.Bc2 Bd7
16.Nb1 Qxd2+ 17.Kxd2 Ra8 18.Nbc3 e6 19.Nf4 Ke7 20.Ra1 Rxa1 21.Rxa1 Ra8 22.Re1 Ra3
23.Kd3 Be8 24.Nh5 Bh8 25.e4 fxe4+ 26.Rxe4 Be5 27.f4 f5 28.Re1 Bxc3 29.Rxe6+ Kf8
30.Rxe8+ Kxe8 31.Kxc3 Kf7 32.Ng3 Ra1 33.Bxf5 Rg1 34.Ne4 Rxg2 35.Nxd6+ Kf6
36.Bxh7 Rxh2 37.Bd3 Nd7 38.Nxb7 Rf2 39.f5 Rf3 40.Kd2  1-0

[Event "JUG-ch sf"]
[Site "Nis"]
[Date "1995.??.??"]
[Round "?"]
[White "Stamenkovic, Dragan"]
[Black "Djukic, Zeljko"]
[Result "1/2-1/2"]
[WhiteElo "2295"]
[BlackElo "2375"]

1.d4 Nf6 2.Bg5 c5 3.Bxf6 exf6 4.d5 f5 5.e3 d6 6.Nd2 g6 7.Ngf3 Bg7 8.c3 O-O
9.a4 Nd7 10.Nc4 Nf6 11.a5 Qc7 12.Be2 Bd7 13.O-O b5 14.axb6 axb6 15.Qb3 Nxd5
16.Rxa8 Rxa8 17.Rd1 Ba4 18.Qa2 Bc6 19.Qb3 Ba4 20.Qa2 Qc6 21.Rd2 Bd1 22.Qxa8+ Qxa8
23.Rxd1 Bf8 24.Ng5 h6 25.Nxf7 Kxf7 26.Bf3 Qa4 27.Bxd5+ Ke7 28.Re1 Qb3 29.e4 fxe4
30.Rxe4+ Kd8 31.Re8+ Kd7 32.Be6+ Kxe8 33.Nxd6+ Bxd6 34.Bxb3 b5 35.Bd5 Ke7
36.Bc6 b4 37.cxb4 cxb4 38.b3 Kf6 39.h4 h5 40.g3 Bc5 41.Kg2 Bd4 42.f3 Bc3
43.g4 hxg4 44.fxg4 g5  1/2-1/2

[Event "NLD-chT9596"]
[Site "?"]
[Date "1995.??.??"]
[Round "?"]
[White "Hodgson, Julian M"]
[Black "Winants, Luc"]
[Result "1-0"]
[WhiteElo "2615"]
[BlackElo "2500"]

1.d4 Nf6 2.Bg5 d5 3.e3 e6 4.Nd2 c5 5.c3 Bd6 6.f4 Nbd7 7.Bd3 Qc7 8.Nh3 b6
9.Nf2 Bb7 10.Qf3 h6 11.Bh4 O-O-O 12.Ng4 Rdf8 13.Ne5 g5 14.Bg3 Rhg8 15.O-O gxf4
16.exf4 h5 17.Rae1 Ng4 18.Bh4 Bxe5 19.fxe5 f6 20.Bb5 fxe5 21.Bxd7+ Kxd7 22.Qxf8 Rxf8
23.Rxf8 Kc6 24.h3 Qg7 25.Re8 e4 26.Rxe6+ Kb5 27.Re7 Qh6 28.Nf1 Bc6 29.hxg4 hxg4
30.Bf2 a5 31.b3 a4 32.dxc5 bxc5 33.c4+ dxc4 34.bxc4+  1-0

[Event "JUG-ch"]
[Site "Novi Sad"]
[Date "1995.??.??"]
[Round "?"]
[White "Kosic, Dragan"]
[Black "Vukic, Milan"]
[Result "1/2-1/2"]
[WhiteElo "2500"]
[BlackElo "2430"]

1.d4 Nf6 2.Bg5 d5 3.Nd2 e6 4.e3 Nbd7 5.Bd3 e5 6.c4 exd4 7.exd4 dxc4 8.Nxc4 Bb4+
9.Nd2 O-O 10.Ne2 h6 11.Bh4 Nc5 12.Qc2 Nxd3+ 13.Qxd3 c6 14.O-O Be7  1/2-1/2

[Event "Paris op"]
[Site "Paris"]
[Date "1995.??.??"]
[Round "?"]
[White "Nataf, Igor Alexandre"]
[Black "Rigo, Janos"]
[Result "1-0"]
[WhiteElo "2340"]
[BlackElo "2310"]

1.d4 Nf6 2.Bg5 d5 3.Bxf6 exf6 4.e3 Bd6 5.g3 h5 6.h4 c6 7.Nd2 Qb6 8.Rb1 Bf5
9.Bh3 Bg6 10.Ne2 Qa6 11.Nf4 Nd7 12.a3 Nf8 13.Nxg6 fxg6 14.c4 dxc4 15.Qc2 b5
16.O-O f5 17.e4 f4 18.e5 Be7 19.Qe4 Rd8 20.Nf3 Kf7 21.gxf4 Qb6 22.Kh1 Rd5
23.Rg1 Qd8 24.f5 Rh6 25.fxg6+ Kg8 26.Qf5 Qe8 27.Rg3 c5 28.dxc5 Bxc5 29.Rbg1 Bxf2
30.Qf7+ Qxf7 31.gxf7+ Kxf7 32.Rxg7+ Ke8 33.Rf1 Bc5 34.Re1 Rg6 35.Rb7 Bb6
36.Ng5 Rd4 37.Ne4 Kd8 38.Rf1 Rg8 39.Nd6  1-0

[Event "Porto San Giorgio op"]
[Site "Porto San Giorgio"]
[Date "1995.??.??"]
[Round "?"]
[White "Zlochevskij, Alexander"]
[Black "Sebastianelli, Diego"]
[Result "1-0"]
[WhiteElo "2485"]
[BlackElo "2360"]

1.d4 Nf6 2.Bg5 c5 3.d5 Ne4 4.h4 Qb6 5.Nd2 Nxd2 6.Bxd2 e5 7.Bc3 d6 8.e4 Nd7
9.g3 Be7 10.Qd2 Qd8 11.O-O-O Bf6 12.f4 Qe7 13.Nf3 a6 14.Bh3 b6 15.Rhg1 h6
16.Rde1 Kd8 17.Bxd7 Bxd7 18.fxe5 Bxe5 19.Nxe5 dxe5 20.g4 Kc7 21.Ref1 Raf8
22.Rf3 Kd6 23.Qf2 f6 24.Bd2 a5 25.Qf1 Qd8 26.Rgg3 Rh7 27.Ra3 Qc8 28.Rgb3 b5
29.Rxa5 Qb7 30.Rbxb5 Bxb5 31.Rxb5 Qa6 32.Qc4 Rc8 33.Be3 Rhh8 34.Bxc5+ Kd7
35.a4  1-0

[Event "Porto San Giorgio op"]
[Site "Porto San Giorgio"]
[Date "1995.??.??"]
[Round "?"]
[White "Bruno, Fabio"]
[Black "Altini, Daniele"]
[Result "1/2-1/2"]
[WhiteElo "2245"]
[BlackElo "2265"]

1.d4 Nf6 2.Bg5 g6 3.Bxf6 exf6 4.c4 f5 5.g3 Bg7 6.Nc3 d6 7.Bg2 Nd7 8.e3 Nf6
9.Nge2 O-O 10.O-O c6 11.b4 Re8 12.Qd3 Qe7 13.b5 Ne4 14.Rab1 h5 15.Rfe1 Bh6
16.Kf1 h4 17.f3 Nf6 18.Nd1 Nh5 19.f4 hxg3 20.hxg3 Qc7 21.Bf3 Nf6 22.Nec3 a6
23.bxc6 bxc6 24.Nf2 Bg7 25.Kg2 Bb7 26.Rb3 Rab8 27.Reb1 Ba8 28.Ncd1 a5 29.a4 Rb7
30.R1b2 Reb8 31.Qb1 Rxb3 32.Rxb3 Rxb3 33.Qxb3 Qb7 34.Qxb7 Bxb7 35.Nd3 Ne4
36.c5 d5 37.Bxe4 fxe4 38.Nc1 Bf6 39.Nf2 Bd8 40.g4 f6 41.Kg3  1/2-1/2

[Event "Porto San Giorgio op"]
[Site "Porto San Giorgio"]
[Date "1995.??.??"]
[Round "?"]
[White "Zlochevskij, Alexander"]
[Black "Negrini, Claudio"]
[Result "1/2-1/2"]
[WhiteElo "2485"]
[BlackElo "2315"]

1.d4 Nf6 2.Bg5 c5 3.d5 e5 4.Nc3 d6 5.e4 Be7 6.Nf3 O-O 7.Bxf6 Bxf6 8.h4 Bg4
9.g3 Qc8 10.Be2 Bxf3 11.Bxf3 Na6 12.Qe2 Nc7 13.a4 Qd8 14.Kf1 Be7 15.Kg2 Rb8
16.Bg4 b6 17.Nb5 Ra8 18.Na3 Ne8 19.Nc4 Nf6 20.Ra3 Kh8 21.Rha1 Ng8 22.Bh3 Nh6
23.Ne3 Rb8 24.Qb5 g6 25.Qd3 Kg7 26.Rh1 Rb7 27.Raa1 Rb8 28.Rh2 Rb7 29.Rah1 Rb8
30.b3 Rb7 31.Kf1 Rb8 32.Ke2 Qc7 33.h5 g5 34.Ra1 Qb7 35.Rhh1 a6 36.Ra2 Kh8
37.Rb1 a5 38.Qb5 Rfd8 39.Kf1 Ng8 40.Nf5 Nf6 41.Qe2 Ng8 42.Kg1 Bf8 43.Ne3 Nh6
44.c3 Ra8 45.Rab2 Qc7 46.Qb5 Ng8 47.Bf5 Nf6 48.Qe2 Ng8 49.Kg2 Ra7 50.Bg4 Nh6
51.Qd3 Rda8 52.Bd1 Bg7 53.Bg4 Bf8 54.Bf5 Bg7 55.Qb5 Ng8 56.Nc4 Rb8 57.Qc6 Bf8
58.Na3 Qd8 59.Qb5 Nf6 60.Qe2 Ne8 61.Nc4 Rba8 62.Qe3 Rb8 63.Qd3 Rba8 64.Bg4 Nf6
65.Be2 Be7 66.g4 Qc7 67.Na3 Qd7 68.f3 Bd8 69.Qe3 Qc8 70.Bb5 Nxg4 71.fxg4 Qxg4+
72.Kh1 f5 73.exf5 e4 74.Rf1 Bf6 75.Rh2 Be5 76.Be2 Qg3 77.Qxg3 Bxg3 78.Rg2 Bf4
79.Nc4 Rb8 80.Re1 Kg7 81.Bg4 Re7 82.Rge2 Rbe8 83.Bf3 Bg3 84.Bg2 Bxe1 85.Rxe1 Rd8
86.Kh2 e3 87.Nxe3 Re5 88.Kg3 Rde8 89.Kf2 g4 90.Bf1 Re4 91.Bg2 R4e5 92.Bf1 Re4
93.Bg2  1/2-1/2

[Event "Ptuj zt (Women)"]
[Site "Ptuj"]
[Date "1995.??.??"]
[Round "5"]
[White "Olbrich, Marina"]
[Black "Koglin, Anke"]
[Result "1-0"]
[WhiteElo "2280"]
[BlackElo "2225"]

1.d4 Nf6 2.Bg5 c5 3.Bxf6 gxf6 4.d5 Qb6 5.Qc1 d6 6.c4 h5 7.Nc3 Bf5 8.e4 Bd7
9.Bd3 Na6 10.a3 Bh6 11.Qc2 O-O-O 12.Nf3 Rdg8 13.g3 Bg4 14.Nh4 Bg5 15.h3 Bd7
16.Ng2 h4 17.g4 Nc7 18.f4 Bh6 19.O-O-O e5 20.Kb1 Bxf4 21.Nxf4 exf4 22.Rdf1 Ne8
23.Rxf4 a6 24.Ka2 Kb8 25.Rb1 f5 26.exf5 Nf6 27.Re1 Re8 28.Rxe8+ Rxe8 29.g5 Nh7
30.g6 fxg6 31.fxg6 Ng5 32.g7 Qd8 33.Bh7 Nxh3 34.Re4  1-0

[Event "Rome op"]
[Site "Rome"]
[Date "1995.??.??"]
[Round "?"]
[White "Verrascina, Nicola"]
[Black "Corvi, Marco"]
[Result "0-1"]
[WhiteElo "2035"]
[BlackElo "2185"]

1.d4 Nf6 2.Bg5 g6 3.Bxf6 exf6 4.e3 Bg7 5.Ne2 f5 6.Nf4 d6 7.h4 Nc6 8.c4 Ne7
9.Nc3 c6 10.Qb3 Qb6 11.Qxb6 axb6 12.b3 Kd8 13.Na4 Kc7 14.Be2 h5 15.Rc1 Bd7
16.O-O Bh6 17.g3 Ng8 18.Rfd1 Nf6 19.Nc3 Rhe8 20.a4 Ne4 21.Bf3 Rad8 22.Nfe2 Re7
23.Rd3 Kb8 24.b4 Kc7 25.Rcd1 Ra8 26.Rb1 Ree8 27.b5 Nf6 28.Rdd1 Reb8 29.Ra1 Rd8
30.d5 c5 31.Ra3 Ng4 32.Bxg4 fxg4 33.Ra2 Re8 34.Nf4 Bf5 35.Nce2 Ra7 36.Nc3 Bg7
37.Nfe2 Be4 38.Nxe4 Rxe4 39.Rc1 Kd7 40.Rcc2 Re8 41.Ra3 Ke7 42.Rca2 Rea8 43.Nc1 Be5
44.Nb3 Bc3 45.a5 Bb4 46.Ra4 bxa5 47.Kf1 b6 48.Ke2 Bc3 49.Kd3 Be5 50.Nd2 f5
51.Rc2 Kf6 52.Rc1 Rh8 53.Rh1 Kg7 54.Nb1 Bf6 55.Nc3 g5 56.Ra2 gxh4 57.gxh4 Rf7
58.Ne2 Be5 59.Re1 Re8 60.Ng3 Kg6 61.Rae2 Ra8 62.Ra2 a4 63.Ne2 a3 64.Nf4+ Kh6
65.Ne6 Re7 66.Rb1 Kg6 67.Rb3 Bb2 68.Kc2 Ra4 69.Rbxb2 Rxc4+ 70.Kd3 axb2 71.Rxb2 Ra4
72.Ke2 Rxe6 73.dxe6 Kf6 74.Kf1 Kxe6 75.Kg2 Rb4 76.Rd2 Rxb5 77.Kg3 Ke5 78.Ra2 c4
79.Ra8 c3 80.Re8+ Kf6  0-1

[Event "San Luis Clarin GP"]
[Site "San Luis"]
[Date "1995.??.??"]
[Round "6"]
[White "Pingas, Blas"]
[Black "Gomez Baillo, Jorge H"]
[Result "0-1"]
[WhiteElo "2325"]
[BlackElo "2415"]

1.d4 Nf6 2.Bg5 d5 3.Bxf6 exf6 4.Nf3 Bd6 5.e3 Be6 6.Nbd2 c6 7.Bd3 f5 8.O-O Nd7
9.c4 g6 10.cxd5 Bxd5 11.e4 fxe4 12.Nxe4 Nb6 13.Qd2 Be7 14.Qh6 Qc7 15.a4 a5
16.Qd2 O-O 17.Qh6 f5 18.Neg5 Bxg5 19.Nxg5 Qg7 20.Qxg7+ Kxg7 21.h4 Rfe8 22.Rfb1 h6
23.Nh3 Be4 24.Bxe4 Rxe4 25.b4 Nc4 26.bxa5 Nxa5 27.g3 Rd8 28.Rd1 Rexd4 29.Rxd4 Rxd4
30.Nf4 Kf6 31.Re1 Rxa4 32.Re6+ Kf7 33.Rd6 g5 34.hxg5 hxg5 35.Nh3 Ke7 36.Rg6 g4
37.Ng5 b5 38.Re6+ Kd7 39.Rf6 b4 40.Rxf5 b3 41.Rf7+ Ke8 42.Ra7 b2 43.Nh7 b1=Q+
44.Kh2 Ra1 45.Nf6+ Kd8 46.Ra8+ Ke7 47.Ng8+  0-1

[Event "San Sebastian op"]
[Site "San Sebastian"]
[Date "1995.??.??"]
[Round "4"]
[White "Pomes Marcet, Juan"]
[Black "Gomez Esteban, Juan Mario"]
[Result "1/2-1/2"]
[WhiteElo "2410"]
[BlackElo "2440"]

1.d4 Nf6 2.Bg5 d5 3.Bxf6 exf6 4.e3 Be6 5.Ne2 Bd6 6.Nf4 c6 7.Nxe6 fxe6 8.c4 Nd7
9.Nc3 O-O 10.Bd3 f5 11.cxd5 cxd5 12.Qb3 Nf6 13.g3 Rf7 14.f4 Rc8 15.O-O a6
16.Rae1 Qa5 17.Re2 Rfc7 18.h3 g6 19.Rg2 h5 20.Nd1 b5 21.a3 Rc1 22.Kh2 Kf7
23.Re2 Ke7 24.Kg2 R8c6 25.Nf2 Rxf1 26.Kxf1 Rc1+ 27.Kg2 Nd7 28.Rc2 Qe1 29.Rxc1 Qxc1
30.Kf3 Qg1 31.Qd1 Qh2 32.Qh1 Qxh1+ 33.Nxh1 Nb6 34.Nf2 Nc4 35.Nd1 Kd7 36.g4 hxg4+
37.hxg4 Kc6 38.gxf5 gxf5 39.Ke2 Be7 40.Bc2 Bh4 41.a4 b4 42.b3 Nd6 43.Nb2 a5
44.Nd3 Nb7 45.Ne5+ Kd6 46.Bd3 Bf6 47.Nf3 Nd8 48.Bb5 Nf7 49.Be8 Nd8 50.Kd3  1/2-1/2

[Event "Sao Paulo zt"]
[Site "Sao Paulo"]
[Date "1995.??.??"]
[Round "6"]
[White "Disconzi da Silva, Rodrigo"]
[Black "Urday, Henry"]
[Result "1-0"]
[WhiteElo "2370"]
[BlackElo "2440"]

1.d4 Nf6 2.Bg5 c5 3.Nc3 cxd4 4.Qxd4 Nc6 5.Qh4 e6 6.e4 Be7 7.O-O-O Qa5 8.f4 d6
9.Nf3 Bd7 10.Qe1 h6 11.Bh4 O-O-O 12.e5 dxe5 13.fxe5 Nh7 14.Bxe7 Nxe7 15.Nd5 Qxe1
16.Nxe7+ Kc7 17.Rxe1 Rhe8 18.Bd3 Nf8 19.Ng8 Ng6 20.Nf6 gxf6 21.exf6 Rg8 22.g3 Bc6
23.Rhf1 Bxf3 24.Rxf3 Nf8 25.Re5 Rg5 26.Re4 Rdd5 27.h4 Rg8 28.Bc4 Rc5 29.b4 Rc6
30.Bb5 Rd6 31.Be8  1-0

[Event "Sarospatak op"]
[Site "Sarospatak"]
[Date "1995.??.??"]
[Round "?"]
[White "Vajda, Albert"]
[Black "Kakuk, Sandor"]
[Result "0-1"]
[WhiteElo "2325"]
[BlackElo "2225"]

1.d4 Nf6 2.Bg5 d5 3.Nc3 Nbd7 4.e3 c6 5.Nf3 h6 6.Bh4 e6 7.Be2 Be7 8.O-O O-O
9.h3 Ne4 10.Nxe4 Bxh4 11.Ng3 Bxg3 12.fxg3 Qc7 13.Kh2 e5 14.Nh4 Nf6 15.c4 exd4
16.exd4 Ne4 17.Qd3 Be6 18.cxd5 cxd5 19.Rac1 Qd6 20.Bg4 Bxg4 21.hxg4 g6 22.Rf4 Rac8
23.Rcf1 Qb6 24.Nf3 Qxb2 25.Rb1 Qxa2 26.Rxb7 Rc1 27.Rxe4 dxe4 28.Qxe4 Qa1
29.Kh3 Rh1+ 30.Nh2  0-1

[Event "Sarospatak op"]
[Site "Sarospatak"]
[Date "1995.??.??"]
[Round "?"]
[White "Botos, Ferenc"]
[Black "Mrva, Vladimir"]
[Result "1/2-1/2"]
[WhiteElo "2180"]
[BlackElo "2305"]

1.d4 Nf6 2.Bg5 c5 3.Bxf6 gxf6 4.dxc5 Qa5+ 5.c3 Qxc5 6.e4 Nc6 7.Nf3 Rg8 8.Nbd2 d6
9.g3 f5 10.Qe2 Bg7 11.Rd1 Be6 12.Bh3 fxe4 13.Nxe4 Qc4 14.Bxe6 Qxe2+ 15.Kxe2 fxe6
16.Neg5 e5 17.Nxh7 e4 18.Nd2 Bh6 19.h4 d5 20.Ng5 Bxg5 21.hxg5 O-O-O 22.Rh5 Rg7
23.Nb3 b6 24.Nd4 Nxd4+ 25.Rxd4 e6 26.c4 Kc7 27.cxd5 exd5 28.g6 Kc6 29.Rh7 Rdd7
30.Rh6 Rd6 31.Rd1 Rdxg6 32.Rxg6+ Rxg6 33.Ke3  1/2-1/2

[Event "Schwaebisch Gmuend op"]
[Site "Schwaebisch Gmuend"]
[Date "1995.??.??"]
[Round "?"]
[White "Fochtler, Ekkehard"]
[Black "Held, Markus"]
[Result "1/2-1/2"]
[WhiteElo "2260"]
[BlackElo "2210"]

1.d4 Nf6 2.Bg5 c5 3.Bxf6 gxf6 4.d5 Qb6 5.Qc1 f5 6.g3 Bg7 7.c3 d6 8.Bg2 Nd7
9.Nd2 Nf6 10.h4 Bd7 11.Nh3 O-O 12.Qc2 Qc7 13.Nf4 b5 14.Nf3 Rab8 15.Ng5 h6
16.Nf3 a5 17.Rd1 b4 18.c4 a4 19.Qc1 Ne4 20.Nh5 a3 21.Nxg7 Kxg7 22.b3 e6 23.Qf4  1/2-1/2

[Event "SCO-ch"]
[Site "?"]
[Date "1995.??.??"]
[Round "2"]
[White "Dearing, Eddie"]
[Black "Henderson, John B"]
[Result "1/2-1/2"]
[WhiteElo "2015"]
[BlackElo "2165"]

1.d4 Nf6 2.Bg5 g6 3.Bxf6 exf6 4.e3 Bg7 5.Ne2 d6 6.Nf4 c6 7.c4 Nd7 8.Nc3 f5
9.g3 Nf6 10.Bg2 O-O 11.O-O Re8 12.Qd3 Qe7 13.b4 Ne4 14.Rab1 Bd7 15.Rfc1 Bh6
16.b5 Bg5 17.a4 h5 18.h4 Bh6 19.bxc6 bxc6 20.Rb7 Rad8 21.Rcb1 g5 22.hxg5 Qxg5
23.Nxe4 fxe4 24.Bxe4 h4 25.Kg2 Rxe4 26.Rxd7 Rde8 27.Re1 Qf5 28.Rxd6 hxg3
29.Rxh6 gxf2  1/2-1/2

[Event "SCO-ch"]
[Site "?"]
[Date "1995.??.??"]
[Round "7"]
[White "Condie, Mark L"]
[Black "Mannion, Stephen R"]
[Result "1/2-1/2"]
[WhiteElo "2450"]
[BlackElo "2355"]

1.d4 Nf6 2.Bg5 d5 3.Bxf6 exf6 4.e3 Bd6 5.c4 dxc4 6.Bxc4 O-O 7.Qc2 f5 8.Nc3 c6
9.Nge2 Nd7 10.Bd3 g6 11.h3 Nf6 12.O-O-O b5 13.g4 b4 14.Na4 b3 15.axb3 Nd5
16.gxf5 Nb4 17.Qd2 Nxd3+ 18.Qxd3 Bxf5 19.e4 Be6 20.f4 Qb8 21.Kb1 f5 22.e5 Bd5
23.Ng3 Be7 24.Rhg1 Qb4 25.Qc3 Rab8 26.Rd3 Qxc3 27.Nxc3 Bxb3 28.Kc1 a5 29.Nf1 a4
30.Ne3 a3 31.bxa3 Bxa3+ 32.Kd2 Bb4 33.Ke2 Be6 34.d5 cxd5 35.Ncxd5 Bc5 36.Rc1 Bxe3
37.Nxe3 Rfc8 38.Rdc3 Rxc3 39.Rxc3 Rc8 40.Rxc8+ Bxc8 41.Kd3 h6 42.h4 Kf7 43.Nd5 Ke6
44.Kd4 Bb7 45.Nc7+ Kd7 46.Nb5 Ke6 47.Nc7+ Kd7 48.Nd5 Ke6 49.Nf6 Bf3 50.Ng8 Kf7
51.Nf6 Ke6 52.Nh7 Ke7 53.Kc5 Bd1 54.Kc6 Bf3+ 55.Kc7 Bd1 56.Nf6 Ke6 57.Nd7 Ke7
58.Nb8 Bf3 59.Nd7 Bd1 60.Nf6 Ke6 61.Nh7  1/2-1/2

[Event "Skei-B"]
[Site "Skei"]
[Date "1995.??.??"]
[Round "6"]
[White "Johnsen, Sylvia"]
[Black "Fossan, Erik"]
[Result "0-1"]
[WhiteElo "2050"]
[BlackElo "2335"]

1.d4 Nf6 2.Bg5 c5 3.Nc3 Qa5 4.Bxf6 gxf6 5.e3 e6 6.Qf3 Bg7 7.Ne2 cxd4 8.Nxd4 a6
9.Qg3 O-O 10.Bd3 Qg5 11.Qf3 d5 12.h4 Qe5 13.Qg4 f5 14.Qh5 Qf6 15.O-O-O Nc6
16.Qe2 Nxd4 17.exd4 Qxd4 18.g4 Qxg4 19.Qd2 Qh5 20.Rdg1 Kh8 21.Rg5 Qh6 22.Rhg1 Rg8
23.Kb1 f6 24.Ne2 fxg5 25.hxg5 Qh2 26.Qc1 Qe5 27.c3 Bd7 28.Rh1 Be8 29.Nf4 Bf8
30.Rxh7+ Kxh7 31.Qh1+ Kg7 32.Qh6+ Kf7  0-1